Statistics for 中史初階小測驗(二)

Click here to take the quiz!

General Stats

  • This quiz has been taken 141 times
  • The average score is 8 of 10

Answer Stats

QuestionAnswer% Correct
誰是中國首位皇帝?嬴政
99%
象棋中間的一行叫什麼?楚河漢界
96%
他做了什麼臭名昭彰的事情?焚書坑儒
94%
哪個游牧民族被漢武帝趕到戈壁沙漠以北?匈奴
89%
他的朝代維持了幾年?15
86%
鴻門宴上發生了什麼事?項羽想殺劉邦但劉邦逃跑了
84%
同性戀在古代中國又名什麼?斷袖
77%
以下哪樣是東漢時發明?造紙術
74%
誰挾持了漢獻帝以令朝廷?曹操
74%
西漢首都在哪裏?長安(今西安)
66%

Score Distribution

Percentile by Number Answered

Percent of People with Each Score

Your Score History

You have not taken this quiz